<?xml version="1.0" encoding="UTF-8"?>
<collection xmlns="http://www.loc.gov/MARC21/slim">
 <record>
  <leader>04401nam a2200325 a 4500</leader>
  <controlfield tag="001">kal2876</controlfield>
  <controlfield tag="003">Gr-AtHEAL</controlfield>
  <controlfield tag="005">20160425133917.0</controlfield>
  <controlfield tag="006">m        d        </controlfield>
  <controlfield tag="008">160413s2015    gr      s           gre|c</controlfield>
  <datafield tag="020" ind1=" " ind2=" ">
   <subfield code="a">9789606033865</subfield>
  </datafield>
  <datafield tag="040" ind1=" " ind2=" ">
   <subfield code="a">GR-AtHEAL</subfield>
   <subfield code="b">gre</subfield>
   <subfield code="c">GR-AtHEAL</subfield>
  </datafield>
  <datafield tag="082" ind1="0" ind2="4">
   <subfield code="a">617.69</subfield>
   <subfield code="2">23</subfield>
  </datafield>
  <datafield tag="100" ind1="1" ind2=" ">
   <subfield code="a">Προμπονάς, Aντώνιος.</subfield>
   <subfield code="8">503</subfield>
  </datafield>
  <datafield tag="245" ind1="1" ind2="0">
   <subfield code="a">Συνδυασμένη προσθετική</subfield>
   <subfield code="h">[Ηλεκτρονικός πόρος] </subfield>
   <subfield code="b">Σύνδεσμοι ακριβείας - τηλεσκοπικά συστήματα</subfield>
   <subfield code="c">Προμπονάς, Aντώνιος ; Κριτικός αναγνώστης,Γαλιατσάτος, Αριστείδης ; Τεχνική επιμέλεια,Κανελλόπουλος, Δημήτρης.</subfield>
  </datafield>
  <datafield tag="260" ind1=" " ind2=" ">
   <subfield code="a">Αθήνα :</subfield>
   <subfield code="b">Σύνδεσμος Ελληνικών Ακαδημαϊκών Βιβλιοθηκών,</subfield>
   <subfield code="c">c2015.</subfield>
  </datafield>
  <datafield tag="490" ind1=" " ind2=" ">
   <subfield code="a">Ακαδημαϊκά Ηλεκτρονικά Συγγράμματα και Βοηθήματα Κάλλιπος</subfield>
   <subfield code="8">40</subfield>
  </datafield>
  <datafield tag="520" ind1=" " ind2=" ">
   <subfield code="a">Το βιβλίο αυτό απευθύνεται σε προπτυχιακούς και μεταπτυχιακούς φοιτητές που διδάσκονται θέματα αφορούντα την οδοντική προσθετική. Το βιβλίο αναφέρεται στην συνδυασμένη προσθετική, δηλαδή στην παρουσίαση των θεωρητικών βάσεων και κυρίως των εργαστηριακών τεχνικών κατασκευής των ακινήτων και κινητών οδοντικών προσθέσεων που συνδέονται με τη βοήθεια είτε συνδέσμων ακριβείας, είτε τηλεσκοπικών συστημάτων. Δίδεται έμφαση στις εφαρμοσμένες μεθόδους κατασκευής αυτών των προσθέσεων και ο ενδιαφερόμενος μπορεί να μελετήσει:1. Τη θεωρητική βάση των συνδέσμων ακριβείς ( περιγραφή, ταξινόμηση, υλικά και εξοπλισμός απαραίτητος για την εφαρμογή τους, ενδείξεις, πλεονεκτήματα κ.λ.π.).2. Τις εργαστηριακές τεχνικές εφαρμογής των συνδέσμων ακριβείας (πως εργαστηριακά οι σύνδεσμοι ενσωματώνονται στις ακίνητες και κινητές προσθέσεις για την επιτυχή συνδυασμένη προσθετική εργασία).3. Τη θεωρητική βάση των τηλεσκοπικών συστημάτων (περιγραφή των τηλεσκοπικών στεφανών, τηλεσκοπικών ή φρεζαριστών αγκίστρων, κωνικών στεφανών, ενδείξεις, πλεονεκτήματα, τι είναι η πρωτογενής και δευτερογενής ναρθηκοποίηση κ.λ.π.).4. Τις εργαστηριακές τεχνικές εφαρμογής των τηλεσκοπικών συστημάτων δηλαδή πως αυτά συνεργάζονται ενσωματώνονται στις ακίνητες και κινητές οδοντικές προσθέσεις.</subfield>
  </datafield>
  <datafield tag="650" ind1=" " ind2="0">
   <subfield code="a">Prosthodontics</subfield>
   <subfield code="8">2429</subfield>
  </datafield>
  <datafield tag="653" ind1=" " ind2=" ">
   <subfield code="a">Συνδυασμένη προσθετική</subfield>
  </datafield>
  <datafield tag="653" ind1=" " ind2=" ">
   <subfield code="a">Τηλεσκοπικές στεφάνες</subfield>
  </datafield>
  <datafield tag="653" ind1=" " ind2=" ">
   <subfield code="a">Σύνδεσμοι ακριβείας</subfield>
  </datafield>
  <datafield tag="653" ind1=" " ind2=" ">
   <subfield code="a">Επιστήμες υγείας</subfield>
   <subfield code="a">Οδοντιατρική</subfield>
   <subfield code="a">Οδοντιατρικές ειδικότητες</subfield>
   <subfield code="a">Προσθετική δοντιών</subfield>
  </datafield>
  <datafield tag="653" ind1=" " ind2=" ">
   <subfield code="a">Επιστήμες υγείας</subfield>
   <subfield code="a">Συναφή επαγγέλματα υγείας</subfield>
   <subfield code="a">Οδοντική τεχνολογία</subfield>
  </datafield>
  <datafield tag="700" ind1="1" ind2=" ">
   <subfield code="a">Γαλιατσάτος, Αριστείδης</subfield>
   <subfield code="e">Κριτικός αναγνώστης</subfield>
   <subfield code="8">504</subfield>
  </datafield>
  <datafield tag="856" ind1="4" ind2="0">
   <subfield code="u">http://hdl.handle.net/11419/2876</subfield>
   <subfield code="z">Πλήρες Κείμενο - Full text</subfield>
  </datafield>
  <datafield tag="907" ind1=" " ind2=" ">
   <subfield code="a">.b25680146</subfield>
   <subfield code="b">12-06-18</subfield>
   <subfield code="c">29-07-16</subfield>
  </datafield>
  <datafield tag="949" ind1=" " ind2=" ">
   <subfield code="0">0</subfield>
   <subfield code="1">0</subfield>
   <subfield code="2">ddc</subfield>
   <subfield code="4">0</subfield>
   <subfield code="6">617_690000000000000_ΠΡΟ</subfield>
   <subfield code="7">0</subfield>
   <subfield code="8">KALL</subfield>
   <subfield code="8">773</subfield>
   <subfield code="d">2016-04-13</subfield>
   <subfield code="r">2016-04-13</subfield>
   <subfield code="w">2016-04-13</subfield>
   <subfield code="z">617.69 ΠΡΟ</subfield>
   <subfield code="o">SEAB KALLIPOS</subfield>
  </datafield>
  <datafield tag="998" ind1=" " ind2=" ">
   <subfield code="a">80</subfield>
   <subfield code="a">01</subfield>
   <subfield code="a">02</subfield>
   <subfield code="a">03</subfield>
   <subfield code="a">04</subfield>
   <subfield code="a">05</subfield>
   <subfield code="a">06</subfield>
   <subfield code="a">07</subfield>
   <subfield code="a">08</subfield>
   <subfield code="a">09</subfield>
   <subfield code="a">10</subfield>
   <subfield code="a">11</subfield>
   <subfield code="a">13</subfield>
   <subfield code="a">14</subfield>
   <subfield code="a">15</subfield>
   <subfield code="a">16</subfield>
   <subfield code="a">17</subfield>
   <subfield code="a">18</subfield>
   <subfield code="a">19</subfield>
   <subfield code="a">20</subfield>
   <subfield code="a">21</subfield>
   <subfield code="a">22</subfield>
   <subfield code="a">23</subfield>
   <subfield code="a">24</subfield>
   <subfield code="a">25</subfield>
   <subfield code="a">26</subfield>
   <subfield code="b">16-05-17</subfield>
   <subfield code="c">m</subfield>
   <subfield code="d">z  </subfield>
   <subfield code="e">-</subfield>
   <subfield code="f">gre</subfield>
   <subfield code="g">gr </subfield>
   <subfield code="h">0</subfield>
  </datafield>
  <datafield tag="942" ind1=" " ind2=" ">
   <subfield code="2">ddc</subfield>
   <subfield code="c">KALLIPOS</subfield>
  </datafield>
 </record>
</collection>
